Statistics for Geography General Knowledge

Click here to take the quiz!

General Stats

  • This quiz has been taken 32 times
  • The average score is 7 of 10

Answer Stats

QuestionAnswer% Correct
What is the capital of Brazil?Brasilia
96%
What is the biggest country in South America?Brazil
96%
Who does Corsica belong to?France
82%
Does Thailand border China?No
82%
Which of these countries is a Monarchy?Norway
82%
What is the biggest country in Europe (Excluding Russia)?Ukraine
79%
What year did WW1 end?1918
71%
How much of their budget are NATO countries supposed to give?2%
54%
How many countries does Finland border?2
21%
Which of these countries does Hungary NOT border?Austria
18%

Score Distribution

Percentile by Number Answered

Percent of People with Each Score

Your Score History

You have not taken this quiz